000 00293nam a2200121 i 4500
001 bg
245 0 _aSłownik wojskowy polsko-rosyjski /
_cpod red. B. Pigarewicza.
260 _aWarszawa,
_c1956.
040 _cBPK
041 _apol
942 _cKS
008 s pl f |000 0 pol
999 _c26702
_d26702
856 _uhttp://koha.tu.koszalin.pl/cgi-bin/koha/opac-detail.pl?biblionumber=26702
_yKatalog online BPK